Romeo y julieta /
Guardado en:
| Autor Principal: | |
|---|---|
| Otros Autores: | |
| Formato: | Libro |
| Publicado: |
Buenos Aires :
Losada,
1998
|
| Series: | Colección Clásicos Universales
|
| Materias: | |
| Etiquetas: |
Agregar Etiqueta
Sin Etiquetas, Sea el primero en etiquetar este registro!
|
| LEADER | 00671nam a22002295a 4500 | ||
|---|---|---|---|
| 001 | CEM.cems010160 | ||
| 005 | 20080605110721.0 | ||
| 008 | 130507s1998##################000#0#####d | ||
| 003 | CEMS | ||
| 020 | |a 8449408199 | ||
| 082 | 0 | 4 | |a 822.3 |
| 100 | 1 | |a Shakespeare, William | |
| 245 | 1 | 0 | |a Romeo y julieta / |c William Shakespeare ; traducido Por Pablo Neruda |
| 260 | |a Buenos Aires : |b Losada, |c 1998 | ||
| 300 | |a 151 p. | ||
| 490 | 0 | |a Colección Clásicos Universales | |
| 653 | |a Literatura | ||
| 653 | |a Literatura inglesa | ||
| 653 | |a Teatro | ||
| 653 | |a Teatro inglés | ||
| 700 | 1 | |a Neruda, Pablo, trad. | |
| 859 | |a CEMS |b BIB. CEMS - 11 de abril |h 822.3 |i Sh14-10 |p 20636.99 |t Ej.1 | ||
